Industrialisation in north-eastern region/ (Record no. 8255)

MARC details
000 -LEADER
fixed length control field 00501 a2200169 4500
010 ## - LCCN (DPL NO)
LC control number ENG-88387
020 ## - INTERNATIONAL STANDARD BOOK NUMBER
International Standard Book Number 8183241867
Terms of availability 550.00
035 ## - SYSTEM CONTROL NUMBER
System control number EN-71920
037 ## - SOURCE OF ACQUISITION
Source of stock number/acquisition DBAD / PUB
082 14 - DEWEY DECIMAL CLASSIFICATION NUMBER
Classification number 338.709545
245 1# - TITLE STATEMENT
Title Industrialisation in north-eastern region/
Statement of responsibility, etc edited by Jaynal U.Ahmed
260 ## - PUBLICATION, DISTRIBUTION, ETC. (IMPRINT)
Place of publication, distribution, etc New Delhi
Name of publisher, distributor, etc Mittal Publications
Date of publication, distribution, etc 2007
300 ## - PHYSICAL DESCRIPTION
Extent xvi, 203 p. :
Dimensions 22cm (Hb)
500 ## - GENERAL NOTE
General note includes index
700 1# - ADDED ENTRY--PERSONAL NAME
Personal name Jaynal U.Ahmed
942 ## - ADDED ENTRY ELEMENTS (KOHA)
Institution code [OBSOLETE] dpl
Item type English Books
Source of classification or shelving scheme Dewey Decimal Classification
Classification part 338.709545
Call number suffix IND
Holdings
Withdrawn status Lost status Not for loan Collection code Home library Current library Source of acquisition Cost, normal purchase price Full call number Barcode Copy number Cost, replacement price Koha item type
    Not For Loan Non-fiction D.B.Act.Division D.B.Act.Division DBAD/PUB 550.00 338.709545 IND EN-71920 1 550.00 English Books

© Delhi Public Library
Hit Counter
free hit counter